000 01162nam a2200241Ia 4500
999 _c49311
_d49311
001 16227
003 GE_BSU
005 20221010135544.0
008 181216s ||||ge |||||||||||||| ||geo||
020 _a9789941130571
040 _cGE_BSU
041 _ageo
080 _a005.96 პ-14
100 _aპაიჭაძე, ნუგზარ
_915189
245 _aადამიანური რესურსების მართვა :
_bცნებებისა და განსაზღვრებების ლექსიკონი 1400-მდე ტერმინი /
_cნუგზარ პაიჭაძე ; რედ. მირიან ტუხაშვილი.
264 _aთბილისი :
_bთბილისის სახ.უნ-ტის გამ-ბა,
_c2008.
300 _a175 გვ. ;
_c27 სმ.
504 _aბიბლიოგრაფია გვ. 174
541 _h12ლ.
653 _aადამიანური რესურსების მართვა
700 _aტუხაშვილი, მირიან
_eრედაქტორი
_915190
942 _cBK
_2udc